00995 2200325 4500001002100000005001500021035002000036007000300056008004100059020002200100082001400122084001600136100002900152245011600181300003100297650004000328700002900368264004400397336002100441337003000462338002300492040002200515850001200537990002000549990002000569990002000589990002000609990002000629990002000649INLIS00000000087564420221206031440 a0010-1222000080ta221206b2020 jki g ind d a978-623-00-1814-5 4223a649.1 a649.1 TOY m0 aToyib EffendiePengarang10aMendidik dengan hati :bindahnya hidup dengan canda, tawa, dan cinta /cToyib Effendi; penyunting, Yulian Masda axvii, 113 halaman ;c17 cm 4aPengasuhan anak -- kumpulan artikel0 aYulian MasdaePenyunting31aJakarta :bElex Media Komputindo,c2020 2rdacontentateks 2rdamediaatanpa perantara 2rdacarrieravolume aYOPDYOGbinderda aYOPDYOG a47108-PD/B.2022 a47109-PD/B.2022 a47109-PD/B.2022 a47108-PD/B.2022 a47108-PD/B.2022 a47109-PD/B.2022